Organizational learning: perspectives and practices (Record no. 192027)
[ view plain ]
| 000 -LEADER | |
|---|---|
| fixed length control field | 00366nam a2200157 4500 |
| 003 - CONTROL NUMBER IDENTIFIER | |
| control field | OSt |
| 020 ## - INTERNATIONAL STANDARD BOOK NUMBER | |
| International Standard Book Number | 8131404161 |
| 082 ## - DEWEY DECIMAL CLASSIFICATION NUMBER | |
| Classification number | 658 |
| Item number | BHA/OR |
| 245 ## - TITLE STATEMENT | |
| Title | Organizational learning: perspectives and practices |
| 260 ## - PUBLICATION, DISTRIBUTION, ETC. (IMPRINT) | |
| Place of publication, distribution, etc | India |
| Name of publisher, distributor, etc | ICFAI university press |
| 300 ## - PHYSICAL DESCRIPTION | |
| Extent | 222 |
| 546 ## - LANGUAGE | |
| Language note | English |
| 650 ## - SUBJECT ADDED ENTRY--TOPICAL TERM | |
| Topical term or geographic name as entry element | management |
| 700 ## - ADDED ENTRY--PERSONAL NAME | |
| Personal name | Bhaskar Basu |
| 942 ## - ADDED ENTRY ELEMENTS (KOHA) | |
| Source of classification or shelving scheme | Dewey Decimal Classification |
| Koha item type | Books (General) |
| Lost status | Source of classification or shelving scheme | Damaged status | Not for loan | Collection code | Home library | Current library | Shelving location | Date acquired | Cost, normal purchase price | Total Checkouts | Full call number | Barcode | Date last seen | Koha item type |
|---|---|---|---|---|---|---|---|---|---|---|---|---|---|---|
| Dewey Decimal Classification | General | KAU Central Library, Thrissur | KAU Central Library, Thrissur | General | 20/08/2019 | 425.00 | 658 BHA/OR | 217569 | 20/08/2019 | Books (General) |
